000
00312nam a2200157Ia 4500
100
_a
Yuan/Michael Juntao
650
_a
Java
942
_c
BK
366
_f
20
245
_a
Enterprise J2ME
260
_b
Pearson Education
_c
2004
082
_a
5.133
_b
YUA
300
_a
452
546
_a
ENGLISH
999
_c
21772
_d
21772